Statystyki dla Parki narodowe w Polsce [podział]

Kliknij tutaj aby rozwiązać quiz!

Ogólne statystyki

  • Ten quiz został rozwiązany 150 razy
  • Średni wynik to 16 z 23

Statystyki odpowiedzi

Parki Narodowe Górskie% Poprawnych
Tatrzański
93%
Bieszczadzki
86%
Białowieski
85%
Ojcowski
85%
Biebrzański
83%
Gór Stołowych
80%
Kampinoski
80%
Świętokrzyski
78%
Karkonoski
77%
Słowiński
76%
Pieniński
72%
Babiogórski
71%
Roztoczański
71%
"Ujście warty"
71%
Woliński
70%
Poleski
66%
Wielkopolski
66%
Wigierski
65%
Gorczański
60%
Magurski
60%
Narwiański
58%
Drawieński
49%
Borów Tucholskich
29%

Rozkład punktacji

Percentyl według liczby udzielonych odpowiedzi

Procent ludzi z każdym wynikiem

Twoja historia wyników

Nie rozwiązałeś tego quizu